000 00774nam a2200253 a 4500
001 000044195
003 DO-SdBNP
005 20240530073922.0
007 ta
008 140609s200? dr r 000 f spa d
020 _a9993402796
040 _aDO-SdBNP
_bspa
_cBNPHU
082 4 _aRD863.44
_bP515c
_222
100 1 _aPeynado, Jacinto B.
_930514
_d1941- 2004
245 1 0 _aCarnaval sangriento :
_bnovela /
_cJacinto Peynado ; edición Marino Berigüete.
260 _aSanto Domingo :
_bDe colores,
_c200?
300 _a200 p. ;
_c21 cm.
590 _aInventariado, 2019/BT
650 0 _aNovela dominicana
_9223
650 0 _aLiteratura dominicana.
_967
700 1 2 _aBeriguete, Marino,
_916526
_d1962-
910 _aValidado. Control de calidad. MFF
942 _2ddc
_cLBS1
999 _c43684
_d43684